000 00372nam a2200133Ia 4500
005 20260328104314.0
008 260328s9999||||xx |||||||||||||| ||und||
100 _aLeinwand, Gerald
245 4 _aThe City as a Community :
_b problems of American society /
_cGerald Leinwand
260 _bWashington Square Press
300 _a192 p.
650 _aURBANISMO
942 _cBK
999 _c11069
_d11069